000 00788nam a2200229Ii 4500
003 JO-AjNU
008 230605s9999||||xx |||||||||||||| ||und||
017 _a2005/8/1922
020 _a9957-32-101-5
040 _aJO-AjNU
_bara
_erda
_cJO-AjNU
041 _aara
050 1 4 _aLB2805.M8392 2006
100 3 _aالمومني،واصل جميل,
_eauthor
_910208
245 0 0 _aالمناخ التنظيمي وإدارة الصراع في المؤسسات التربوية
250 _aط1
264 3 1 _aعمان:دار الحامد للنشر والتوزيع،2006
300 _a191ص
336 _atext
_btxt
_2rdacontent
337 _aunmediated
_bn
_2rdamedia
338 _avolume
_bnc
_2rdacarrier
650 4 _aالإدارة التعليمية-المدارس-إدارة
_910209
999 _aA1690
_c5258
_d5258